书目信息 |
| 题名: |
线性代数解题方法和技巧
|
|
| 作者: | 陈文灯 , 吴振奎 , 刘舒强 编著 | |
| 分册: | ||
| 出版信息: | 北京 中国财政经济出版社 2004.08 |
|
| 页数: | 279页 | |
| 开本: | 26cm | |
| 丛书名: | 北京文登学校辅导系列 | |
| 单 册: | ||
| 中图分类: | O151.2-44 | |
| 科图分类: | ||
| 主题词: | 线性代数--高等学校--解题 | |
| 电子资源: | ||
| ISBN: | 7-5005-7551-3 | |
| 000 | 01003nam 2200277 450 | |
| 001 | 0132348124 | |
| 005 | 20050718091246.92 | |
| 010 | @a7-5005-7551-3@dCNY30.00 | |
| 100 | @a20050312d2004 km y0chiy0120 ea | |
| 101 | 0 | @achi |
| 102 | @aCN@b110000 | |
| 105 | @aa a 000yy | |
| 200 | 1 | @a线性代数解题方法和技巧@Axian xing dai shu jie ti fang fa he ji qiao@f陈文灯, 吴振奎, 刘舒强编著@Fchen wen deng,wu zhen kui,liu shu qiang bian zhu |
| 210 | @a北京@c中国财政经济出版社@d2004.08 | |
| 215 | @a279页@c图@d26cm | |
| 225 | 2 | @a北京文登学校辅导系列 |
| 320 | @a有书目(第279页)。 | |
| 330 | @a本书针对行列式、矩阵代数、线性方程组等内容总结解题方法与技巧,归纳题型解法,并对知识难点、重点进行解析。 | |
| 410 | 0 | @12001 @a北京文登学校辅导系列 |
| 606 | 0 | @a线性代数@x高等学校@x解题 |
| 690 | @aO151.2-44@v4 | |
| 701 | 0 | @a陈文灯@Achen wen deng@4编著 |
| 701 | 0 | @a吴振奎@Awu zhen kui@4编著 |
| 701 | 0 | @a刘舒强@Aliu shu qiang@4编著 |
| 801 | 0 | @aCN@bQSSK@c20050718 |
| 905 | @a10447@dO151.2-44@eC580 | |
| 线性代数解题方法和技巧/陈文灯, 吴振奎, 刘舒强编著.-北京:中国财政经济出版社,2004.08 |
| 279页:图;26cm.-(北京文登学校辅导系列) |
| ISBN 7-5005-7551-3:CNY30.00 |
| 本书针对行列式、矩阵代数、线性方程组等内容总结解题方法与技巧,归纳题型解法,并对知识难点、重点进行解析。 |
| ● |
| 相关链接 |
|
|
|
正题名:线性代数解题方法和技巧
索取号:O151.2-44/C580
 
预约/预借
| 序号 | 登录号 | 条形码 | 馆藏地/架位号 | 状态 | 备注 |
| 1 | 523022 | 205230221 | 自科库401/ [索取号:O151.2-44/C580] | 在馆 | |
| 2 | 523023 | 205230230 | 自科库401/401自科库 72排1列1层/ [索取号:O151.2-44/C580] | 在馆 | |
| 3 | 523024 | 205230249 | 自科库401/ [索取号:O151.2-44/C580] | 在馆 |